| 000 | 01053cab a2200205 4500 | ||
|---|---|---|---|
| 001 | ABS44190 | ||
| 008 | 090401t1991 xxu||||| |||| 00| 0 eng d | ||
| 035 | _a(Sirsi) u45726 | ||
| 041 | _aeng | ||
| 100 | _aFranks, J. | ||
| 245 | _aWho sits in the driving seat - Contractor or client? | ||
| 260 | _c1991 | ||
| 350 | _a0 | ||
| 490 |
_aChartered Builder _v3 (2) March 1991, 16-17 (2) |
||
| 520 | _aConsiders the involvement which clients expect to play in construction projects following a Chartered Institute of Builders questionnaire based on the needs and expectations of 50 clients ranging from individual involvement in projects from the design to the construction stage and different types of contractual arrangements ranging from design and build to traditional project management. Lack of team work within the design team and poor performance by the architect and failure to co-ordinate subcontracts work were amongst the chief complaints. | ||
| 650 | _aCLIENTS NEEDS | ||
| 690 | _aBUILT ENVIRONMENT | ||
| 942 | _n0 | ||
| 948 | _c04/03/1997 | ||
| 999 |
_c28937 _d28937 |
||